The crucial decade (Registro nro. 19323)

Detalles MARC
000 -CABECERA
Longitud fija campo de control 00504nam a22001697a 4500
003 - IDENTIFICADOR DELl NÚMERO DE CONTROL
Identificador del número de control OSt
005 - FECHA Y HORA DE LA ÚLTIMA TRANSACCIÓN
Fecha y hora de la última transacción 20150327165825.0
008 - CÓDIGOS DE INFORMACIÓN DE LONGITUD FIJA
Códigos de información de longitud fija 150306b xxu||||| |||| 00| 0 eng d
040 ## - FUENTE DE LA CATALOGACIÓN
Centro transcriptor BMC
082 ## - NÚMERO DE LA CLASIFICACIÓN DECIMAL DEWEY
Númeroo de clasificación 973.918
100 1# - PUNTO DE ACCESO PRINCIPAL-NOMBRE DE PERSONA
Nombre de persona Goldman, Eric F.
Fechas asociadas al nombre 1915-1989
9 (RLIN) 32381
245 14 - MENCIÓN DE TÍTULO
Título The crucial decade
Resto del título : and after: America, 1945-1960
Mención de responsabilidad, etc. Eric F. Goldman
260 ## - PUBLICACIÓN, DISTRIBUCIÓN, ETC. (PIE DE IMPRENTA)
Lugar de publicación, distribución, etc. New York
Nombre del editor, distribuidor, etc. Vintage Books
Fecha de publicación, distribución, etc. cop. 1960
300 ## - DESCRIPCIÓN FÍSICA
Extensión 349 p., XIX
Dimensiones 19 cm
651 24 - PUNTO DE ACCESO ADICIONAL DE MATERIA - NOMBRE GEOGRÁFICO
Nombre geográfico Estados Unidos
Subdivisión de materia general Historia
Subdivisión cronológica 1945-1953
9 (RLIN) 32378
942 ## - ENTRADA DE ELEMENTOS AGREGADOS (KOHA)
Fuente de clasificaión o esquema Dewey Decimal Classification
Koha [por defecto] tipo de item 1- Monografias
Existencias
Suprimido Perdido Fuente de clasificación o esquema Estropeado Restricciones de uso No para préstamo Código de colección Localización permanente Localización actual Localización en estanter&íacute;as Fecha adquisición Fuente de adquisición Número de inventario Préstamos totales Signatura completa Código de barras Fecha última consulta Fecha del precio de reemplazo Tipo de item de Koha
NULL NULL Dewey Decimal Classification NULL Prestable NULL NULL Biblioteca Miguel de Cervantes - UNICAES Biblioteca Miguel de Cervantes - UNICAES Sala Principal 12/03/2015 Donación - Ciudad de los Niños 028919   973.918 GOL cru 1029529 12/03/2015 12/03/2015 1- Monografias